000 00714nam a22002177a 4500
003 UA-OsUOA
001 134265
007 ta
008 20181126b un ||||| |||| 00| 0 ukr d
100 _aМалишкін О.
090 _a657
_bМ19
942 _cSA
040 _aUA-OsUOA
_bukr
_cUA-OsUOA
_dUA-OsUOA
245 _aОсобливості контролю ПДВ в умовах електронного адміністрування
300 _aС.36
955 _a0
041 _aukr
080 _a657
773 0 _w134264
_tБухгалтерський облік і аудит
_dК.
_d2018
_g5
650 7 _a657 Бухгалтерія. Бухгалтерський облік. Рахівництво
_2UDC
999 _c423115
_d423115